000 00634nam a2200205 a 4500
001 000016444
005 20240412074245.0
008 100305t19uu dr 001 pdspa d
040 _aDO-SdBNP
_bspa
_cBNPHU
082 _aRD861.42
_bL215t
100 1 _aLamarche, J. B.
_924007
245 1 0 _aTreinta sonetos a Trujillo /
_cJ. B. Lamarche.
260 _a[s.l. :
_bs.n.,
_c19--?].
300 _a64 p. ;
_c28 cm.
600 0 _aTrujillo Molina, Rafael Leónidas,
_d1891-1961
_xPoesías
_924080
650 0 _aPoesía dominicana
_966
650 0 _aLiteratura dominicana.
_967
910 _aValidado. Control de calidad EMS.
049 _aBNPD
999 _c15979
_d15979